| 000 | 01092nam a2200337 a 4500 | ||
|---|---|---|---|
| 001 | 000003928 | ||
| 003 | DO-SdBNP | ||
| 005 | 20220602123730.0 | ||
| 007 | 000003928 | ||
| 008 | 090715s2007 dr a 000 0 spa d | ||
| 020 | _a9789945020137 | ||
| 040 |
_aBPMSU _bspa _cBPMSU |
||
| 082 | 4 |
_a923.2 _bA673p |
|
| 245 | 1 | 0 |
_aPedro Francisco Bonó : _btextos selectos / _ceditor Dantes Ortiz ; prefacio Raymundo González. |
| 260 | 0 |
_aSanto Domingo : _bArchivo General de la Nación, _c2007. |
|
| 300 |
_a170 p. : _bil. ; _c23 cm. |
||
| 490 | 0 |
_aArchivo General de la Nación, _v29 |
|
| 490 | 1 |
_ajuvenil ; _v1 |
|
| 500 | _aIncluye índice. | ||
| 504 | _aBibliografía: p. 165-168 | ||
| 590 | _6Inventariado, 2022/VM | ||
| 600 | 1 | 4 |
_aBonó, Pedro Francisco _d1828-1906 |
| 651 | 4 |
_aRepública Dominicana _xHistoria |
|
| 700 | 1 | 2 |
_aOrtiz, Dantes, _eed. |
| 700 | 1 | 2 | _aGonzález, Raymundo, |
| 710 | 2 | _4Archivo General de la Nación | |
| 830 |
_pArchivo General de la Nación ; _v29 |
||
| 830 | 0 |
_aJuvenil ; _n1 |
|
| 910 | _aVMateo V./Validado. Control de calidad MFF | ||
| 942 |
_2ddc _cBK |
||
| 999 |
_c7673 _d7673 |
||